Élimination par catégorie - Spécial "Culture Générale" - Statistiques

Statistiques générales
  • Ce quiz a été pris 606 fois
  • Le résultat moyen est 17 sur 20
Statistiques - réponses
Catégories Questions % Correct
Histoire Année comprise entre 1900 et 2026
100%
Histoire … faisant partie du XX° siècle
99%
Histoire … bissextile
98%
Divertissement Princesse officielle de l'univers Disney
94%
Histoire … dont la somme des chiffres est strictement supérieure à 20
92%
Sport Sport olympique (actuel ou ancien)
91%
Sport … impliquant une balle ou un ballon
91%
Sport … pouvant se jouer avec les mains
91%
Sport … où les buts sont inscrits dans des cages
90%
Sport … de prédilection des frères Karabatic Handball
88%
Langues Animal (en Anglais) en 5 lettres
84%
Divertissement … apparue pour la première fois dans un film d'animation sorti, en France, après 2008
84%
Divertissement … qui n'est pas rousse
83%
Langues … toutes différentes
80%
Histoire … dont le mois de Mai fut marqué, en France, par d'importants mouvements culturels, sociaux et politiques 1968
80%
Langues ... terrestre
79%
Langues … dont le nom se termine par une voyelle
72%
Divertissement … d'origine européenne ou asiatique
72%
Divertissement … dotée d'une très longue chevelure Raiponce
72%
Langues … Jolly Jumper en est un Horse
67%
Aucun quiz correspondant
Distribution des résultats
% des personnes avec chaque résultat
Percentile par nombre de réponses
Votre historique - résultats
Vous n’avez pas pris ce quiz